000 00405nam a2200157Ia 4500
008 100122s9999 xx 000 0 und d
082 _b75630
_aB823.08
100 _aBLYTON ENID
245 _aTHE MYSTERY OF THE STRANGE MESSAGES
250 _a1
260 _c2003
300 _a247
630 _aTHE MYSTERY OF THE STRANGE MESSAGES
730 _aTHE MYSTERY OF THE STRANGE MESSAGES
942 _cBOOK
999 _c391809
_d391806